Howkins and Bourne Shaw's Textbook of Gynaecology (Record no. 6697)
[ view plain ]
| 000 -LEADER | |
|---|---|
| fixed length control field | 00519nam a2200169Ia 4500 |
| 020 ## - INTERNATIONAL STANDARD BOOK NUMBER | |
| International Standard Book Number | 9788131211311 |
| 020 ## - INTERNATIONAL STANDARD BOOK NUMBER | |
| International Standard Book Number | 8131211312 |
| 082 ## - DEWEY DECIMAL CLASSIFICATION NUMBER | |
| Classification number | 618.1 |
| Author Mark | PAD |
| 100 ## - MAIN ENTRY--PERSONAL NAME | |
| Author Name | Padubidri, VG |
| 245 #0 - TITLE STATEMENT | |
| Title | Howkins and Bourne Shaw's Textbook of Gynaecology |
| 250 ## - EDITION STATEMENT | |
| Edition statement | 14th |
| 260 ## - PUBLICATION, DISTRIBUTION, ETC. | |
| Place of publication, distribution, etc. | India |
| Name of publisher, distributor, etc. | Elsevier |
| Date of publication, distribution, etc. | 2008 |
| 300 ## - PHYSICAL DESCRIPTION | |
| No of Pages | ix; 483p. |
| illustrations | ill |
| Dimensions | 27 cm |
| 504 ## - BIBLIOGRAPHY, ETC. NOTE | |
| Bibliography, Index, etc. note | Include: Index |
| 650 ## - SUBJECT ADDED ENTRY--TOPICAL TERM | |
| Subject | GynaecologyNormal Histology |
| Keywords | Sex and Intersexuality |
| -- | Sexually Transimitted Diseases |
| -- | Disorder of Menstruation |
| -- | IMDC |
| 942 ## - ADDED ENTRY ELEMENTS (KOHA) | |
| Koha item type | Books |
| Source of classification or shelving scheme | |
| Item status | Home library | Current library | Shelving location | Date acquired | Total Checkouts | Full call number | Barcode | Date last seen | Koha item type |
|---|---|---|---|---|---|---|---|---|---|
| Islamabad Medical and Dental College | Islamabad Medical and Dental College | Islamabad Medical and Dental College | 16/03/2018 | 618.1 PAD | 8452 | 16/03/2018 | Books | ||
| Islamabad Medical and Dental College | Islamabad Medical and Dental College | Islamabad Medical and Dental College | 16/03/2018 | 618.1 PAD | 8453 | 16/03/2018 | Books |
